005580000a2200145000450024501510000065000320015165000270018365000280021065100280023865300430026604100130030970000200032210000220034277300480036410aDistribution and abundance of the west indian manatee Trichechus manatus around selected Florida power plants following winter cold front: 1984-8514aDistribución geográfica14aDinámica poblacional14aMamíferos acuáticos 4dFloridapEstados Unidos gTrichechuseTrichechus manatusvmanati0 aInglés1 aWilcox, J. Ross1 aReynolds, John E.1 tBiological Conservation3147q103-113d1986